Winnipeg Jets Players (2011/12 - 2025/26) - Statistics

General Stats
  • This quiz has been taken 411 times
    4 since last reset
  • The average score is 47 of 172
Answer Stats
GP Answer % Correct
14/15 - Adam Lowry
67%
11/12 - 12/13, 15/16 - 16/17 Alexander Burmistrov
67%
23/24 - Alex Iafallo
67%
14/15 - 21/22 Andrew Copp
67%
11/12 - 15/16 Andrew Ladd
67%
13/14 - 18/19 Ben Chiarot
67%
11/12 - 22/23 Blake Wheeler
67%
23/24 - Brad Lambert
67%
15/16 - 18/19, 24/25 Brandon Tanev
67%
11/12 - 19/20 Bryan Little
67%
11/12 Chris Mason
67%
11/12 - 16/17 Chris Thorburn
67%
21/22 - Cole Perfetti
67%
15/16 - Connor Hellebuyck
67%
21/22, 23/24 Declan Chisholm
67%
11/12 - 18/19 Dustin Byfuglien
67%
19/20 - Dylan DeMelo
67%
21/22 - Dylan Samberg
67%
16/17 - 18/19, 21/22 Eric Comrie
67%
11/12 - 13/14 Evander Kane
67%
23/24 - Gabriel Vilardi
67%
13/14 - 18/19 Jacob Trouba
67%
15/16 - 17/18 Joel Armia
67%
17/18 - 18/19 Joe Morrow
67%
15/16 - Josh Morrissey
67%
18/19, 20/21 - 21/22 Kristian Vesalainen
67%
17/18 - Kyle Connor
67%
11/12 - 12/13 Kyle Wellwood
67%
11/12 - Mark Scheifele
67%
18/19 - 20/21, 21/22 - 24/25 Mason Appleton
67%
21/22 - Morgan Barron
67%
19/20 - Neal Pionk
67%
23/24 - Nikita Chibrikov
67%
15/16 - 24/25 Nikolaj Ehlers
67%
22/23 - Nino Niederreiter
67%
11/12 - 16/17 Ondřej Pavelec
67%
16/17 - 20/21 Patrik Laine
67%
17/18, 20/21 - 21/22 Paul Stastny
67%
20/21 - 22/23 Pierre-Luc Dubois
67%
17/18 Steve Mason
67%
11/12 Tanner Glass
67%
17/18, 19/20 - 20/21 Tucker Poolman
67%
14/15 - 18/19 Tyler Myers
67%
20/21 - Ville Heinola
67%
22/23 - Vladislav Namestnikov
67%
11/12 - 14/15 Zach Bogosian
67%
13/14 - 15/16 Adam Pardy
33%
12/13 - 13/14 Al Montoya
33%
12/13 - 15/16 Anthony Peluso
33%
22/23 - 23/24 Axel Jonsson-Fjällby
33%
21/22 - 23/24 Brenden Dillon
33%
25/26 - Danil Zhilkin
33%
19/20 - 24/25 David Gustafsson
33%
20/21 Derek Forbort
33%
20/21 - 24/25 Dominic Toninato
33%
14/15 - 16/17 Drew Stafford
33%
24/25 Dylan Coghlan
33%
25/26 - Elias Salomonsson
33%
11/12 Eric Fehr
33%
25/26 Gustav Nyquist
33%
24/25 - Haydn Fleury
33%
16/17 - 19/20 Jack Roslovic
33%
19/20 - 22/23 Jansen Harkins
33%
11/12 - 14/15 Jim Slater
33%
21/22 Johnathan Kovacevic
33%
11/12 Johnny Oduya
33%
25/26 Jonathan Toews
33%
22/23 Karson Kuhlman
33%
13/14 - 14/15 Keaton Ellerby
33%
18/19 - 20/21, 23/24 Laurent Brossoit
33%
14/15 Lee Stempniak
33%
19/20 Logan Shaw
33%
20/21 - 25/26 Logan Stanley
33%
19/20 Luca Sbisa
33%
24/25 - 25/26 Luke Schenn
33%
11/12 - 16/17 Mark Stuart
33%
14/15 - 20/21 Mathieu Perreault
33%
13/14 - 17/18 Michael Hutchinson
33%
20/21 Nate Thompson
33%
18/19 - 21/22 Nathan Beaulieu
33%
11/12 - 12/13 Nik Antropov
33%
24/25 - Parker Ford
33%
18/19 Pär Lindholm
33%
23/24 - 24/25 Rasmus Kupari
33%
21/22 Riley Nash
33%
22/23 Saku Mäenalanen
33%
17/18 - 20/21 Sami Niku
33%
23/24 Sean Monahan
33%
25/26 Tanner Pearson
33%
25/26 - Thomas Milic
33%
11/12 Tim Stapleton
33%
11/12 - 17/18 Toby Enström
33%
20/21 Trevor Lewis
33%
23/24 Tyler Toffoli
33%
11/12 -12/13 Aaron Gagnon
0%
21/22 Adam Brooks
0%
12/13 Alexei Ponikarovsky
0%
19/20 Andrei Chibisov
0%
19/20 Anthony Bitetto
0%
11/12 - 12/13 Antti Miettinen
0%
11/12 Artūrs Kulda
0%
21/22 Austin Poganski
0%
11/12 Ben Maxwell
0%
25/26 - Brayden Yager
0%
17/18 - 18/19 Brendan Lemieux
0%
11/12 Brett Festerling
0%
11/12 Brett Maclean
0%
16/17 Brian Strait
0%
18/19 Cameron Schilling
0%
19/20 Carl Dahlström
0%
11/12 - 14/15 Carl Klingberg
0%
15/16 Chase De Leo
0%
19/20, 21/22 - 22/23 C.J. Suess
0%
19/20 Cody Eakin
0%
25/26 - Cole Koepke
0%
23/24 - Colin Miller
0%
22/23 David Rittich
0%
11/12 - 12/13 Derek Meech
0%
13/14 Devin Setoguchi
0%
17/18 - 19/20 Dmitry Kulikov
0%
13/14 - 14/15 Eric O'Dell
0%
12/13 - 13/14 Eric Tangradi
0%
21/22 Evgeny Svechnikov
0%
19/20 Gabriel Bourque
0%
11/12 - 14/15 Grant Clitsome
0%
25/26 - Isaak Phillips
0%
25/26 - Isak Rosen
0%
25/26 Jacob Bryson
0%
12/13 - 13/14 James Wright
0%
24/25 Jaret Anderson-Dolan
0%
11/12 Jason Jaffray
0%
14/15 Jay Harrison
0%
15/16 J.C. Lipon
0%
21/22 Jeff Malott
0%
14/15 Jiří Tlustý
0%
13/14 John Albert
0%
19/20 Joona Luoto
0%
20/21 Jordie Benn
0%
13/14 - 16/17 Julian Melchiori
0%
14/15 Julien Brouillette
0%
11/12 Kenndal McArdle
0%
18/19 Kevin Hayes
0%
22/23 Kevin Stenlund
0%
21/22 - 22/23 Kristian Reichel
0%
22/23 Kyle Capobianco
0%
11/12 Mark Flood
0%
19/20 Mark Letestu
0%
15/16 - 17/18 Marko Daňo
0%
13/14 - 15/16 Matt Halischuk
0%
17/18, 18/19 Matt Hendricks
0%
21/22 - 22/23 Michael Eyssimont
0%
13/14 - 14/15 Michael Frolík
0%
12/13 Mike Santorelli
0%
21/22 - 23/24 Nate Schmidt
0%
16/17, 18/19 Nelson Nogier
0%
19/20 Nick Shore
0%
15/16 - 18/19 Nic Petan
0%
12/13 - 13/14 Olli Jokinen
0%
11/12 - 15/16 Patrice Cormier
0%
11/12 - 16/17 Paul Postma
0%
11/12 Peter Mannino
0%
16/17 Quinton Howden
0%
11/12 Randy Jones
0%
11/12 - 12/13 Ron Hainsey
0%
22/23 Sam Gagner
0%
15/16 Scott Kosmachuk
0%
16/17 - 17/18 Shawn Matthias
0%
11/12 Spencer Machacek
0%
14/15 T.J. Galiardi
0%
25/26 Walker Duehr
0%
12/13 - 13/14 Zach Redmond
0%
21/22 Zach Sanford
0%
No matching quizzes found
Score Distribution
Percent of People with Each Score
Percentile by Number Answered
Your Score History
You have not taken this quiz since the last reset